| 000 | 00503nam a22001697a 4500 | ||
|---|---|---|---|
| 005 | 20251108172704.0 | ||
| 008 | 250721s2004 xx 000 0 ara d | ||
| 082 | 1 | 4 | _a530.11/عبد |
| 100 | 1 |
_aعبد العزيز، وسام أحمد _eمؤلف |
|
| 245 | 1 | 0 |
_aالفيزياء النسبية : _bالخاصة والعامة / |
| 264 | 1 |
_aعمان : _bدار صفاء، _c2004. |
|
| 300 | _a169ص. | ||
| 650 | 1 | 7 | _aالفيزياء |
| 650 | 1 | 7 | _aالنسبية |
| 942 |
_2ddc _cBK |
||
| 999 |
_c85995 _d85995 |
||